Cities with the Tallest Buildings A-Z - Statistics

General Stats
  • This quiz has been taken 58 times
  • The average score is 14 of 26
Answer Stats
Letter City Height of Tallest Building (in meters) % Correct
N New York City 541
94%
D Dubai 828
91%
S Shanghai 632
91%
B Beijing 528
87%
X Xi'an 350
79%
G Guangzhou 530
77%
W Wuhan 476
74%
K Kuala Lumpur 679
72%
H Hong Kong 484
68%
A Abu Dhabi 381
64%
L Los Angeles 335
60%
R Riyadh 385
57%
T Tianjin 530
57%
O Osaka 300
53%
C Chongqing 458
49%
U Ürümqi 285
49%
Q Qingdao 369
45%
E Edmonton 251
42%
M Mecca 601
40%
F Fuzhou 300
38%
P Philadelphia 342
32%
V Vienna 220
32%
J Jinan 428
28%
I Incheon 305
25%
Y Yantai 323
19%
Z Zhenjiang / Zhuhai 338
13%
No matching quizzes found
Score Distribution
Percent of People with Each Score
Percentile by Number Answered
Your Score History
You have not taken this quiz